00387nam a2200133Ia 4500008004100000020001500041041000800056082001200064100001800076245008500094260004800179300001100227650001500238210716s2005 xx 000 0 und d a8126125225 aeng a658AQUP aAquinas, P G. aPrinciples of management: foundations and realities.bfoundations and realities. aNew DelhibAnmol Publications Pvt Ltdc2005 axv,551 aMANAGEMENT